Report of the Comptroller and Auditor General of India, Himachal Pradesh (Revenue Receipts), 1994-95 (Record no. 508625)

000 -LEADER
fixed length control field 00581cam a22001457a 4500
008 - FIXED-LENGTH DATA ELEMENTS--GENERAL INFORMATION
fixed length control field 180718b-- xxu||||| |||| 00| 0 eng d
082 ## - DEWEY DECIMAL CLASSIFICATION NUMBER
Classification number L906x5462 R/1994-95
100 ## - MAIN ENTRY--PERSONAL NAME
Personal name Himachal Pradesh. Comptroller and Auditor General of India
9 (RLIN) 4065
245 ## - TITLE STATEMENT
Title Report of the Comptroller and Auditor General of India, Himachal Pradesh (Revenue Receipts), 1994-95
260 ## - PUBLICATION, DISTRIBUTION, ETC. (IMPRINT)
Place of publication, distribution, etc Simla
Name of publisher, distributor, etc Comptroller and Auditor General of India
Date of publication, distribution, etc 1995
300 ## - PHYSICAL DESCRIPTION
Extent 101p.
500 ## - GENERAL NOTE
General note Library has 1993/94-1996/97, 1998/99-2007/08, 2010/11
650 ## - SUBJECT ADDED ENTRY--TOPICAL TERM
Topical term or geographic name as entry element Auditing - India - Himachal Pradesh
9 (RLIN) 4066
942 ## - ADDED ENTRY ELEMENTS (KOHA)
Source of classification or shelving scheme
Holdings
Withdrawn status Lost status Source of classification or shelving scheme Damaged status Koha normalized classification for sorting Not for loan Permanent location Current location Date acquired Full call number Barcode Date last seen Price effective from Koha item type
        L_906X5462_R_199495   Indian Institute of Public Administration Indian Institute of Public Administration 2019-04-03 L906x5462 R/1994-95 GG33571 2019-04-03 2019-04-03 GG

Powered by Koha